00495nam a2200133Ia 4500999001700000082002000017245010000037260004400137300000900181650002200190700002100212942000700233952012100240 c22851d22851 aRR 920.054 WHO; 0aWho's who of eminent Indians : Biographical profiles of leading Indians from all walks of life aNew DelhibIndraprastha Prakashanc1998 av.p. aBIOGRAPHY - INDIA aGandhi, D.V. ed. cBK 00104070aNASSDOCbNASSDOCd2004-10-08i2004-10-05l0oRR 920.054 WHO;p36948r2019-04-18 00:00:00w2019-04-18yBK